000 003050000a22000970004500
100 1 _aPalmer, Gordon R.
245 1 0 _aNo more than a spoonful sugar? Evangelicals ans social involvement
300 _aVol. 12, Num. 2 (1994), Páginas 80-95
773 0 _tScottish Bulletin of Evangelical Theology
942 _cANA
999 _c55713
_d55713